सामयिक प्रशासनिक कोश (अंग्रेजी-हिन्दी) / (Record no. 200969)
[ view plain ]
| 000 -LEADER | |
|---|---|
| fixed length control field | 01317nam a22002177a 4500 |
| 005 - DATE AND TIME OF LATEST TRANSACTION | |
| control field | 20250903161817.0 |
| 010 ## - LCCN (DPL NO) | |
| LC control number | HIN-130392 B-757718-732 |
| 020 ## - INTERNATIONAL STANDARD BOOK NUMBER | |
| International Standard Book Number | 9788171380190 |
| Terms of availability | 795.00 |
| 035 ## - SYSTEM CONTROL NUMBER | |
| System control number | B-757718-732 |
| 035 ## - SYSTEM CONTROL NUMBER | |
| System control number | HN-102738 |
| 037 ## - SOURCE OF ACQUISITION | |
| Source of stock number/acquisition | सामयिक प्रकाशन |
| 037 ## - SOURCE OF ACQUISITION | |
| Source of stock number/acquisition | DBAD |
| 082 ## - DEWEY DECIMAL CLASSIFICATION NUMBER | |
| Classification number | 483.2 |
| 245 ## - TITLE STATEMENT | |
| Title | सामयिक प्रशासनिक कोश (अंग्रेजी-हिन्दी) / |
| Statement of responsibility, etc | सं.- गोपीनाथ श्रीवास्तव |
| 260 ## - PUBLICATION, DISTRIBUTION, ETC. (IMPRINT) | |
| Place of publication, distribution, etc | नई दिल्ली |
| Name of publisher, distributor, etc | सामयिक प्रकाशन |
| Date of publication, distribution, etc | 2023 |
| 270 ## - ADDRESS | |
| Address | 3320-21, जटवाडा, नेताजी सुभाषमार्ग, दरियागंज |
| City | नई दिल्ली |
| Postal code | 110002 |
| 300 ## - PHYSICAL DESCRIPTION | |
| Extent | 384 पृ.. |
| Dimensions | 22सेमी (सजिल्द) |
| 700 ## - ADDED ENTRY--PERSONAL NAME | |
| Personal name | श्रीवास्तव, गोपीनाथ |
| 9 (RLIN) | 62362 |
| 942 ## - ADDED ENTRY ELEMENTS (KOHA) | |
| Source of classification or shelving scheme | Dewey Decimal Classification |
| Item type | Hindi Books |
| Classification part | 483.2 |
| Call number suffix | सामयि |
| Withdrawn status | Lost status | Not for loan | Collection code | Home library | Current library | Date acquired | Source of acquisition | Cost, normal purchase price | Full call number | Barcode | Copy number | Cost, replacement price | Koha item type |
|---|---|---|---|---|---|---|---|---|---|---|---|---|---|
| Non-fiction | Ashok Vihar | Ashok Vihar | 12/03/2024 | सामयिक प्रकाशन/4808/16.1.24/146/9.1.24/16.1.24 | 795.00 | 423.8 सामयि | B-757719 | 1 | 795.00 | Hindi Books | |||
| Non-fiction | Ashok Vihar | Ashok Vihar | 27/05/2024 | DBAD | 795.00 | 483.2 सामयि | HN-100065 | 1 | 795.00 | Hindi Books | |||
| Non-fiction | Bawana | Bawana | 12/03/2024 | सामयिक प्रकाशन/4808/16.1.24/146/9.1.24/16.1.24 | 795.00 | 423.8 सामयि | B-757722 | 1 | 795.00 | Hindi Books | |||
| Non-fiction | Bawana | Bawana | 03/09/2025 | DBAD | 795.00 | 483.2 सामयि | HN-102738 | 1 | 795.00 | Hindi Books | |||
| Non-fiction | Central Library | Central Library | 12/03/2024 | सामयिक प्रकाशन/4808/16.1.24/146/9.1.24/16.1.24 | 795.00 | 423.8 सामयि | B-757718 | 1 | 795.00 | Hindi Books | |||
| Non-fiction | Narela | Narela | 12/03/2024 | सामयिक प्रकाशन/4808/16.1.24/146/9.1.24/16.1.24 | 795.00 | 423.8 सामयि | B-757721 | 1 | 795.00 | Hindi Books | |||
| Non-fiction | Patel Nagar | Patel Nagar | 12/03/2024 | सामयिक प्रकाशन/4808/16.1.24/146/9.1.24/16.1.24 | 795.00 | 423.8 सामयि | B-757720 | 1 | 795.00 | Hindi Books | |||
| Non-fiction | Shahdara Branch | Shahdara Branch | 12/03/2024 | सामयिक प्रकाशन/4808/16.1.24/146/9.1.24/16.1.24 | 795.00 | 423.8 सामयि | B-757723 | 1 | 795.00 | Hindi Books |
